000 00575nam a2200229Ia 4500
003 OSt
005 20220918204412.0
006 a|||||r|||| 00| 0
007 ta
008 220917b |||||||| |||| 00| 0 eng d
024 _a112,552
037 _cTextual
040 _aARTS
_cARTS
_beng
041 _2eng
_aeng
082 _aV53:24:N0, J6
100 _aNoland A
_9111942
245 0 _aFounding of the French socialist party 1893-1905
260 _c1956
650 _aHISTORY
942 _hV53:24:N0, J6
_cTEXL
_2CC
999 _c235901
_d235901